Význam medzinárodných hospodárskych zoskupení v globalizujúcom sa svete diplomová práca

Gespeichert in:
Bibliographische Detailangaben
1. Verfasser: Kluchová, Lucia
Körperschaft: Obchodná fakulta EU. Katedra medzinárodného obchodu
Weitere Verfasser: Drieniková, Kristína, 1982-
Format: Buch
Sprache:Slowakisch
Veröffentlicht: Bratislava 2015
Tags: Tag hinzufügen
Keine Tags, Fügen Sie das erste Tag hinzu!

MARC

LEADER 00000nbm a2200000 4500
001 0203120
005 20161212104651.5
041 0 |a slo 
044 |a SK 
245 1 0 |a Význam medzinárodných hospodárskych zoskupení v globalizujúcom sa svete  |b diplomová práca  |c Lucia Kluchová ; školiteľ: Kristína Drieniková 
264 1 |a Bratislava  |c 2015 
300 |a 93 s. 
100 1 |a Kluchová, Lucia 
700 1 |a Drieniková, Kristína, 1982- 
710 2 |a Obchodná fakulta EU. Katedra medzinárodného obchodu